<?xml version="1.0" encoding="UTF-8"?>
<marc:record xmlns:marc="http://www.loc.gov/MARC21/slim">
   <marc:leader>00000nam a2200000 a 4500</marc:leader>
   <marc:datafield ind1="1" ind2=" " tag="100">
      <marc:subfield code="a">Vogt, Michael Friedrich</marc:subfield>
      <marc:subfield code="4">aut</marc:subfield>
      <marc:subfield code="e">Verfasser/-in</marc:subfield>
   </marc:datafield>
   <marc:datafield ind1="1" ind2=" " tag="100">
      <marc:subfield code="a">Müller, Sven-David</marc:subfield>
      <marc:subfield code="4">aut</marc:subfield>
      <marc:subfield code="e">Verfasser/-in</marc:subfield>
   </marc:datafield>
   <marc:datafield ind1="1" ind2=" " tag="100">
      <marc:subfield code="a">Nothmann, Doreen</marc:subfield>
      <marc:subfield code="4">aut</marc:subfield>
      <marc:subfield code="e">Verfasser/-in</marc:subfield>
   </marc:datafield>
   <marc:datafield ind1=" " ind2=" " tag="653">
      <marc:subfield code="a">Gesunde Ernährung</marc:subfield>
   </marc:datafield>
   <marc:datafield ind1=" " ind2=" " tag="653">
      <marc:subfield code="a">Softcover</marc:subfield>
   </marc:datafield>
   <marc:datafield ind1=" " ind2=" " tag="653">
      <marc:subfield code="a">Karte</marc:subfield>
   </marc:datafield>
   <marc:datafield ind1=" " ind2=" " tag="653">
      <marc:subfield code="a">Körperpflege / Gesunde Ernährung</marc:subfield>
   </marc:datafield>
   <marc:datafield ind1=" " ind2=" " tag="653">
      <marc:subfield code="a">Ratgeber</marc:subfield>
   </marc:datafield>
   <marc:datafield ind1="0" ind2="0" tag="245">
      <marc:subfield code="a">Moderne Ernährungsmärchen</marc:subfield>
   </marc:datafield>
   <marc:datafield ind1="0" ind2="0" tag="245">
      <marc:subfield code="b">was ist dran an: Zucker macht krank, Eier erhöhen den Cholesterinspiegel, Diäten machen schlank</marc:subfield>
   </marc:datafield>
   <marc:datafield ind1="0" ind2="0" tag="245">
      <marc:subfield code="c">Michael Friedrich Vogt ; Sven-David Müller-Nothmann ; Doreen Nothmann</marc:subfield>
   </marc:datafield>
   <marc:datafield ind1=" " ind2="1" tag="264">
      <marc:subfield code="a">Hannover</marc:subfield>
      <marc:subfield code="b">Schlütersche</marc:subfield>
   </marc:datafield>
   <marc:datafield ind1="1" ind2=" " tag="490">
      <marc:subfield code="a">Ratgeber Gesundheit</marc:subfield>
   </marc:datafield>
   <marc:datafield ind1=" " ind2=" " tag="250">
      <marc:subfield code="a">2., aktualisierte und erw. Aufl.</marc:subfield>
   </marc:datafield>
   <marc:datafield ind1="1" ind2=" " tag="520">
      <marc:subfield code="a">Angaben aus der Verlagsmeldung

Moderne Ernährungsmärchen / von Sven D Müller-Nothmann, Michael Vogt, Doreen Nothmann

Sauerstoffangereichertes Mineralwasser macht fit - Olivenöl ist das beste Öl der Welt - Eier erhöhen den Cholesterinspiegel - Schokolade ist (un-)gesund - Wer abnimmt, muss hungern - Butter ist gesünder als Margarine - Frischware ist besser als Tiefkühlware - Zucker macht krank - Salz erhöht den Blutdruck - Zucker macht dick.

Jetzt bereits die zweite Auflage! So gross ist das Interesse an den „Ernährungsmärchen“! Die Autoren haben das Buch überarbeitet und einige neue Vorurteile unter die Lupe genommen. Wieder räumen sie mit gängigen Irrtümern auf.

Sie bestimmen unser Essverhalten, sie verwirren unseren Alltag und sie verfolgen uns jeden Tag: Die modernen Ernährungsmärchen. Sie lassen das Essen und Trinken zur Last werden und erzeugen sogar Angst vor einigen Nahrungsmitteln. Bestimmte Lebensmittel, wie zum Beispiel Zucker, werden stets als „böse“ behandelt, andere wiederum, wie Gemüse und Obst, in jeder Form und Menge als „gut“ bezeichnet. Doch Gut und Böse sind nicht immer so eindeutig. Ernährung ist nicht Weiss oder Schwarz – vieles ist Grau.
Dieses Buch hilft beim Zurechtfinden. Die Leser erfahren, wie Ernährungsmärchen entstehen. Sie erhalten sachgerechte Informationen und Tipps für eine gesunde und ausgewogene Ernährungsweise. Aktuelle Forschungsergebnisse klären so manchen Irrtum auf.
„Die Menge macht das Gift – Dosis facit venenum“, sagte schon Paracelsus, der damit vor fast 5000 Jahren die wahrhaftigste aller Aussagen rund um die menschliche Ernährung getroffen hat.
</marc:subfield>
   </marc:datafield>
   <marc:datafield ind1=" " ind2=" " tag="020">
      <marc:subfield code="a">9783899935240</marc:subfield>
      <marc:subfield code="9">9783899935240</marc:subfield>
   </marc:datafield>
   <marc:datafield ind1=" " ind2=" " tag="020">
      <marc:subfield code="a">3899935241</marc:subfield>
      <marc:subfield code="9">3899935241</marc:subfield>
   </marc:datafield>
   <marc:datafield ind1=" " ind2=" " tag="041">
      <marc:subfield code="a">ger</marc:subfield>
   </marc:datafield>
   <marc:datafield ind1=" " ind2=" " tag="300">
      <marc:subfield code="a">160 S.</marc:subfield>
   </marc:datafield>
</marc:record>
